[Event "POL-chT3"]
[Site "Jastrzebia Gora POL"]
[Date "2016.09.11"]
[Round "9.91"]
[White "Sapis, Witalis"]
[Black "Banach, Szymon"]
[Result "1-0"]
[WhiteElo "2389"]
[BlackElo "1996"]
[EventDate "2016.09.02"]

1.d4 Nf6 2.Nf3 g6 3.g3 Bg7 4.Bg2 O-O 5.O-O d6 6.c4 Nc6 7.Nc3 e5 8.d5 Ne7 
9.c5 Nd7 10.cxd6 cxd6 11.Nd2 f5 12.Nc4 Nb6 13.Qb3 Nxc4 14.Qxc4 Bd7 15.a4 
h6 16.Qb4 Qc7 17.Bd2 b6 18.Rfc1 a5 19.Qb3 Qb7 20.e4 Rfd8 21.Be3 Rab8 22.f3
g5 23.Nb5 Bxb5 24.Qxb5 Qd7 25.Qxd7 Rxd7 26.b4 f4 27.Bd2 Ra8 28.bxa5 bxa5 
29.Rab1 Bf6 30.Rb6 Nc8 31.Rb5 Rda7 32.Bh3 Ne7 33.Rb6 Ra6 34.Rxa6 Rxa6 35.
Rb1 g4 36.Bf1 Ra8 37.Rb5 fxg3 38.hxg3 gxf3 39.Bh3 Bg5 40.Rxa5 Rxa5 41.Bxa5
Be3+ 42.Kf1 Bc5 43.Bc7 Kf8 44.a5 Ke8 45.a6 Ba7 46.Bxd6 Ng6 47.Bf5 Ne7 48.
Bg4 Ng6 49.Bxf3 Kd7 50.Bb4 Ne7 51.Bg4+ Kd8 52.Bd6 Bd4 53.Bxe5 1-0

[Event "POL-chT3"]
[Site "Jastrzebia Gora POL"]
[Date "2016.09.11"]
[Round "9.92"]
[White "Nowak, Rafal"]
[Black "Karwowski, Kacper"]
[Result "1-0"]
[WhiteElo "2050"]
[BlackElo "2245"]
[EventDate "2016.09.02"]

1.d4 Nf6 2.Bg5 d5 3.Nd2 h6 4.Bh4 Bf5 5.e3 Nbd7 6.Ngf3 e6 7.Be2 Bd6 8.O-O 
c6 9.c4 O-O 10.c5 Bc7 11.b4 Qb8 12.Bg3 Ne4 13.Nxe4 dxe4 14.Bxc7 Qxc7 15.
Nd2 Nf6 16.Nc4 Nd5 17.Qb3 g5 18.a4 Bg6 19.b5 f5 20.Ne5 Bh7 21.Rfb1 Rab8 
22.Bc4 a5 23.Rb2 Kg7 24.Rab1 Nb4 25.Bxe6 Rbd8 26.Qc3 Bg6 27.bxc6 Qe7 28.d5
Qf6 29.cxb7 Be8 30.Rxb4 axb4 31.Rxb4 Bg6 32.Rb6 Bh5 33.Qd4 f4 34.Bg4 Qe7 
35.Nc6+ Qf6 36.Qxf6+ Rxf6 37.Nxd8 1-0

[Event "POL-chT3"]
[Site "Jastrzebia Gora POL"]
[Date "2016.09.11"]
[Round "9.93"]
[White "Rudnicki, Milosz"]
[Black "Banach, Wieslaw"]
[Result "1-0"]
[WhiteElo "2199"]
[BlackElo "2038"]
[EventDate "2016.09.02"]

1.e4 c5 2.Nf3 Nc6 3.Nc3 g6 4.d4 cxd4 5.Nxd4 Bg7 6.Be3 Nf6 7.Bc4 O-O 8.Bb3 
a5 9.a4 d5 10.exd5 Nb4 11.Ndb5 Ra6 12.O-O Bf5 13.f3 h5 14.Qd2 Kh7 15.Rad1 
Qd7 16.Qf2 Rc8 17.Rd2 Ne8 18.Ne4 Nf6 19.Nc5 Qe8 20.Nxa6 Nxa6 21.Rfd1 Nd7 
22.Nd4 Bf6 23.Qg3 Qg8 24.Qf4 Qe8 25.Nxf5 gxf5 26.Qxf5+ Kg8 27.c3 Bg7 28.
Bd4 Nf8 29.Re2 Nc5 30.Bc2 Qd7 31.Qg5 f6 32.Qxh5 Qd6 33.Rde1 Rc7 34.Kh1 b6 
35.Bf2 Rd7 36.Rd1 Qf4 37.Bg6 Nxg6 38.Qxg6 Qxa4 39.Rde1 Kf8 40.h4 Qc4 41.h5
Qxd5 42.h6 Bh8 43.Qh7 Qg8 44.Qxg8+ Kxg8 45.Bxc5 bxc5 46.Rxe7 Rd5 47.h7+ 
Kf8 48.Re8+ 1-0

[Event "POL-chT3"]
[Site "Jastrzebia Gora POL"]
[Date "2016.09.11"]
[Round "9.94"]
[White "Sobczak, Miroslaw"]
[Black "Kowalski, Maciej"]
[Result "0-1"]
[WhiteElo "1862"]
[BlackElo "2021"]
[EventDate "2016.09.02"]

1.e4 c5 2.Nc3 Nc6 3.f4 g6 4.Nf3 Bg7 5.Bc4 e6 6.f5 Nge7 7.fxe6 fxe6 8.O-O 
d5 9.Bb3 O-O 10.d3 Na5 11.Bg5 Nxb3 12.axb3 d4 13.Na4 b5 14.Nxc5 Qd6 15.
Bxe7 Qxe7 16.b4 e5 17.Qd2 a5 18.Qg5 Bf6 19.Qg3 Ra7 20.h3 axb4 21.Rxa7 Qxa7
22.Nb3 Qe7 23.Ra1 Be6 24.Ra5 Rc8 25.Qf2 Bxb3 26.cxb3 Qc5 27.Kh2 Bg7 28.Qg3
Re8 29.Qg4 Qc6 30.Ra7 Bh6 31.Qd7 Qxd7 32.Rxd7 Rc8 33.Kg3 Rc2 34.Nxe5 Rxb2 
35.Rxd4 Rxb3 36.Rd7 Bg7 37.Rd8+ Bf8 38.Nd7 Rxd3+ 39.Kf4 Kg7 40.Rxf8 Rxd7 
41.Rb8 Rd1 42.Rxb5 Rb1 43.e5 h6 44.Rb7+ Kf8 45.Ke4 b3 46.Kd5 b2 47.Ke6 g5 
48.g4 Kg8 49.Ke7 Kg7 50.e6 Kg6 51.Rb3 h5 52.Rb6 h4 53.Ke8 Kg7 54.e7 Kh7 
55.Kf7 Rf1+ 56.Rf6 b1=Q 57.e8=Q Qg6+ 0-1

[Event "POL-chT3"]
[Site "Jastrzebia Gora POL"]
[Date "2016.09.11"]
[Round "9.95"]
[White "Wacior, Maciej"]
[Black "Butyrowski, Marcel"]
[Result "1/2-1/2"]
[WhiteElo "1986"]
[BlackElo "1776"]
[EventDate "2016.09.02"]

1.d4 Nf6 2.Nf3 e6 3.Bf4 b6 4.e3 Bb7 5.c3 Be7 6.h3 O-O 7.Nbd2 d6 8.Bc4 Nbd7
9.O-O Qb8 10.a4 a6 11.Qb3 Rc8 12.Rfe1 d5 13.Bd3 Bd6 14.Bxd6 cxd6 15.e4 
dxe4 16.Nxe4 Nxe4 17.Bxe4 Nf6 18.Nd2 Bxe4 19.Nxe4 Nxe4 20.Rxe4 d5 21.Re2 
Qd6 22.Rf1 Rc4 23.f4 g6 24.Qd1 b5 25.axb5 axb5 26.Qe1 b4 27.Re3 bxc3 28.
bxc3 Ra3 29.Qg3 Qc7 30.Rff3 Ra1+ 31.Kh2 Qb8 32.Re1 Rxe1 33.Qxe1 Qb2 34.Qe3
Qc2 35.Kg3 Ra4 36.Rf2 Qf5 37.Re2 h5 38.Qf3 Ra1 39.Re5 Qc2 40.Re3 Ra2 41.h4
Qd2 42.Kh2 Ra1 43.Kg3 Rh1 44.Re2 Qc1 45.Qe3 Qd1 46.Qf2 Qd3+ 47.Re3 Qf5 48.
Qf3 Qf6 49.Kf2 Rxh4 50.g3 Rh2+ 51.Kg1 Rb2 52.Re2 Rb1+ 53.Kg2 Qd8 54.Qd3 
Qb8 55.Rxe6 fxe6 56.Qxg6+ Kf8 57.Qf6+ Ke8 58.Qxe6+ Kd8 59.Qxd5+ Kc8 60.
Qf5+ 1/2-1/2

[Event "POL-chT3"]
[Site "Jastrzebia Gora POL"]
[Date "2016.09.11"]
[Round "9.96"]
[White "Wilk, Oktawia"]
[Black "Antolak, Julia"]
[Result "0-1"]
[WhiteElo "1704"]
[BlackElo "2133"]
[EventDate "2016.09.02"]

1.e4 c5 2.Nf3 e6 3.d4 cxd4 4.Nxd4 Nf6 5.Nc3 d6 6.Be3 a6 7.Be2 Be7 8.Qd2 
Qc7 9.O-O-O Nbd7 10.Nb3 b5 11.f3 Bb7 12.Bd3 Ne5 13.Qf2 Nfd7 14.Kb1 Rc8 15.
Bd4 O-O 16.f4 Nc6 17.Be3 Bf6 18.Ne2 Nb4 19.Ng3 g6 20.Rc1 Nc5 21.Bxc5 dxc5 
22.Bf1 c4 23.c3 cxb3 24.axb3 Qa5 0-1

[Event "POL-chT3"]
[Site "Jastrzebia Gora POL"]
[Date "2016.09.11"]
[Round "9.97"]
[White "Grajczak, Adrian"]
[Black "Maj, Pawel"]
[Result "0-1"]
[WhiteElo "2022"]
[BlackElo "2091"]
[EventDate "2016.09.02"]

1.e4 c5 2.Nf3 d6 3.d4 cxd4 4.Nxd4 Nf6 5.Nc3 a6 6.Bc4 e6 7.Bb3 Nbd7 8.Bg5 
Nc5 9.O-O Qc7 10.Qf3 Be7 11.Rae1 O-O 12.Qh3 Nxb3 13.axb3 b5 14.Qd3 Bb7 15.
Re3 Ng4 16.Rg3 Bxg5 17.Rxg4 Bf6 18.Nce2 Kh8 19.f4 Rad8 20.c3 e5 21.Nf5 d5 
22.fxe5 Qxe5 23.exd5 Rxd5 24.Nfd4 Re8 25.Rg3 Qe4 26.Qd2 Qe7 27.Qd3 Rg5 28.
Rxg5 Bxg5 29.Qf5 Kg8 30.h3 g6 31.Qd3 Be3+ 32.Kh1 Be4 33.Qd1 Qd7 34.Nf3 
Qxd1 35.Rxd1 Bc2 36.Rd6 Bc5 37.Rd5 Rxe2 38.Rxc5 Bxb3 39.Rc8+ Kg7 40.Ra8 
Bd5 41.Rxa6 Bxf3 42.gxf3 Rxb2 43.Rb6 Rf2 44.Rxb5 Rxf3 45.Kg2 Rxc3 46.Rb6 
h5 47.Rb4 g5 48.Rb6 g4 49.hxg4 hxg4 50.Rb4 f5 51.Rb6 Re3 52.Ra6 Kf7 53.Kf2
Re6 54.Ra4 Kf6 55.Rb4 Kg5 56.Rb8 Ra6 57.Rb5 Re6 58.Ra5 Kf4 59.Ra3 g3+ 60.
Kg2 Re2+ 61.Kf1 Re3 62.Ra2 Kg4 63.Ra4+ Kf3 64.Ra1 f4 65.Kg1 Rd3 66.Rb1 Rd2
67.Rb3+ Kg4 68.Rb4 Kh3 69.Rxf4 Rd1+ 70.Rf1 Rxf1+ 0-1

[Event "POL-chT3"]
[Site "Jastrzebia Gora POL"]
[Date "2016.09.11"]
[Round "9.98"]
[White "Liberadzki, Slawomir"]
[Black "Brylowski, Marian"]
[Result "1-0"]
[WhiteElo "2013"]
[BlackElo "2051"]
[EventDate "2016.09.02"]

1.c4 g6 2.Nc3 Nf6 3.g3 Bg7 4.Bg2 d6 5.Nf3 Nbd7 6.O-O O-O 7.d4 c5 8.e3 a6 
9.b3 b5 10.Ne5 dxe5 11.Bxa8 exd4 12.exd4 Nb6 13.Bg2 cxd4 14.c5 Nbd5 15.
Nxd5 Nxd5 16.Bb2 e5 17.a3 Be6 18.b4 Ne7 19.a4 Bc4 20.axb5 axb5 21.Re1 Nd5 
22.Qd2 Qc8 23.Rac1 Rd8 24.Bf1 Qa6 25.Ra1 Qc6 26.Rec1 Bxf1 27.Rxf1 Nf6 28.
f3 Nd5 29.Rfe1 Rb8 30.Ra3 h5 31.Kg2 Kh7 32.Bc1 Ra8 33.Qb2 Ra4 34.Bd2 f5 
35.Rxa4 bxa4 36.Qc2 Qb5 37.c6 Nc7 38.Kf2 Qd5 39.Bc1 d3 40.Qd2 a3 41.Bxa3 
Bh6 42.f4 Ne6 43.Qc3 d2 44.Rd1 exf4 45.c7 fxg3+ 46.hxg3 Ng5 47.Kg1 Nf3+ 
48.Kf2 Ng5 49.Kg1 Nf3+ 50.Kf2 Ne5 51.c8=Q Nd3+ 52.Qxd3 Qxd3 53.Qb7+ Kg8 
54.Qf3 Qd4+ 55.Kg2 Be3 56.Bb2 Qd3 57.Be5 g5 58.Ra1 Kf7 59.Qb7+ Ke6 60.Ra6+
Kxe5 61.Qc7+ Kd5 62.Rd6+ 1-0

[Event "POL-chT3"]
[Site "Jastrzebia Gora POL"]
[Date "2016.09.11"]
[Round "9.99"]
[White "Aleksandrowicz, Marek"]
[Black "Szymczak, Rafal"]
[Result "1/2-1/2"]
[WhiteElo "1947"]
[BlackElo "2007"]
[EventDate "2016.09.02"]

1.e4 c6 2.d4 d5 3.Nc3 dxe4 4.Nxe4 Bf5 5.Ng3 Bg6 6.h4 h6 7.Nf3 Nd7 8.h5 Bh7
9.Bd3 Bxd3 10.Qxd3 e6 11.Bd2 Ngf6 12.O-O-O Qc7 13.Qe2 O-O-O 14.Ne5 Nxe5 
15.dxe5 Nd7 16.f4 Be7 17.Be3 Kb8 18.Ne4 f6 19.exf6 Nxf6 20.Nxf6 Bxf6 21.g4
e5 22.g5 exf4 23.gxf6 fxe3 24.fxg7 Qxg7 25.Qxe3 Rxd1+ 26.Rxd1 Qg5 27.Qxg5 
hxg5 28.Rh1 g4 29.Rg1 Rxh5 30.Rxg4 a5 31.a4 1/2-1/2

[Event "POL-chT3"]
[Site "Jastrzebia Gora POL"]
[Date "2016.09.11"]
[Round "9.100"]
[White "Koziol, Pawel"]
[Black "Pelowski, Zdzislaw"]
[Result "1/2-1/2"]
[WhiteElo "1855"]
[BlackElo "1761"]
[EventDate "2016.09.02"]

1.Nf3 d5 2.g3 c6 3.Bg2 Nf6 4.O-O Bg4 5.d3 Nbd7 6.Nbd2 e6 7.e4 Bc5 8.Qe2 
Ne5 9.h3 Bh5 10.Nb3 Qb6 11.Nxc5 Qxc5 12.g4 Nxf3+ 13.Bxf3 dxe4 14.dxe4 Bg6 
15.Bg2 O-O 16.Be3 Qa5 17.Bd2 Qc5 18.Bc3 e5 19.Kh1 Nd7 20.Rad1 Rad8 21.a3 
Qe7 22.Bb4 c5 23.Ba5 b6 24.Bd2 Qh4 25.Be1 Qg5 26.Rd5 Qe7 27.Bc3 f6 28.Rfd1
Bf7 29.R5d2 Rfe8 30.Qd3 Be6 31.Bf1 Qf7 32.Qf3 Rc8 33.Bb5 Re7 34.Qe2 h5 35.
f3 Nf8 36.Rd8 Rxd8 37.Rxd8 Kh7 38.Qf2 g5 39.Kg2 Ng6 40.Bd2 h4 41.Qf1 c4 
42.Bb4 Nf4+ 43.Kh2 Rc7 44.Qd1 a5 45.Be1 c3 46.Bxc3 Bc4 47.Bd7 Qe7 48.Bf5+ 
Kg7 49.Qd6 Bf1 50.Qxe7+ Rxe7 51.Rd7 Rxd7 52.Bxd7 Kf7 53.Bd2 Nxh3 54.a4 Ke7
55.Bb5 Bxb5 56.axb5 Nf4 57.Be3 Ne6 58.c3 a4 59.Bxb6 Nf4 60.Bc5+ Kd7 61.Ba3
Nd3 62.Kg2 Kc7 63.c4 Kb6 64.Kg1 1/2-1/2

[Event "POL-chT3"]
[Site "Jastrzebia Gora POL"]
[Date "2016.09.11"]
[Round "9.101"]
[White "Karczynski, Lech"]
[Black "Milczarek, Robert"]
[Result "0-1"]
[WhiteElo "1651"]
[BlackElo "1740"]
[EventDate "2016.09.02"]

1.d4 Nf6 2.c4 g6 3.Nc3 Bg7 4.e4 d6 5.f4 O-O 6.Nf3 c5 7.d5 e6 8.Be2 exd5 9.
exd5 Re8 10.O-O Na6 11.Bd3 Bf5 12.Bxf5 gxf5 13.Qc2 Ne4 14.a3 Qf6 15.Bd2 
Nc7 16.Rae1 Qg6 17.Nxe4 fxe4 18.f5 Qh5 19.Rxe4 Rxe4 20.Qxe4 Re8 21.Qf4 Be5
22.Nxe5 Rxe5 23.Bc3 Re2 24.Bf6 Ne8 25.Qg3+ Kf8 26.Bc3 Re4 27.b3 Rg4 28.Qf3
Qg5 29.Bd2 Qg7 30.Bh6 Rxg2+ 31.Qxg2 Qxh6 32.Kh1 Qf6 33.Qe4 Ng7 34.b4 b6 
35.bxc5 bxc5 36.Rb1 Nxf5 37.Rb8+ Kg7 38.Qg4+ Kh6 39.Rb3 Nh4 40.Rh3 Qf1+ 
0-1

[Event "POL-chT3"]
[Site "Jastrzebia Gora POL"]
[Date "2016.09.11"]
[Round "9.102"]
[White "Baranska, Monika"]
[Black "Buchta, Agnieszka"]
[Result "1-0"]
[WhiteElo "1780"]
[BlackElo "1611"]
[EventDate "2016.09.02"]

1.d4 Nf6 2.Bg5 e6 3.Nd2 d5 4.Bxf6 Qxf6 5.e3 Bd6 6.g3 O-O 7.Bg2 Nd7 8.Ngf3 
e5 9.dxe5 Nxe5 10.Nxe5 Bxe5 11.c3 c6 12.O-O Bf5 13.Qb3 Qe7 14.Nf3 Bf6 15.
Nd4 Bg6 16.Qd1 Be4 17.Qg4 g6 18.Rad1 Rad8 19.Qe2 Bxg2 20.Kxg2 Rfe8 21.Qf3 
Qe4 22.Rd2 Bxd4 23.Rxd4 Qxf3+ 24.Kxf3 f5 25.Rfd1 Re4 26.c4 Rxd4 27.Rxd4 
Kf7 28.cxd5 cxd5 29.Ra4 a6 30.Rb4 Rd7 31.Rb6 Ke7 32.Ke2 Kd8 33.Kd3 Kc7 34.
Rb3 Kc6 35.Kd4 Kc7 36.Kc5 Rd8 37.a4 Rd7 38.a5 Rd8 39.Rd3 Re8 40.Rxd5 Re4 
41.b4 Re6 42.Kc4 Rc6+ 43.Rc5 Kd6 44.Rxc6+ Kxc6 45.f3 g5 46.e4 fxe4 47.fxe4
Kd6 48.Kd4 h6 49.e5+ Kc6 50.g4 Kb5 51.e6 Kxb4 52.e7 Kxa5 53.e8=Q b5 54.Kc5
Ka4 55.Qe4+ 1-0